№ 2; Инженерная экология

Bibliografiset tiedot
Parent link:Инженерная экология: научно-аналитический журнал. № 2.— , 1995-.— 0204-3483
Kieli:venäjä
Julkaistu: 2004
Aineistotyyppi: Kirja
KOHA link:https://koha.lib.tpu.ru/cgi-bin/koha/opac-detail.pl?biblionumber=391646

MARC

LEADER 00000nam2a2200000 4500
001 391646
005 20231101064117.0
035 |a (RuTPU)RU\TPU\prd\26061 
090 |a 391646 
100 |a 20040511a20049999k y0rusy50 ca 
101 0 |a rus 
102 |a RU 
200 0 |a № 2 
210 |d 2004 
461 1 |0 (RuTPU)RU\TPU\prd\463  |x 0204-3483  |t Инженерная экология  |o научно-аналитический журнал  |v № 2  |d 1995- 
801 0 |a RU  |b 63413507  |c 20010227  |g PSBO 
801 1 |a RU  |b 63413507  |c 20040511  |g PSBO 
801 2 |a RU  |b 63413507  |c 20130118  |g RCR 
942 |c BK 
999 |a НТБ_ТПУ  |b НФ  |e -1/20040113  |p П-9172  |s 22/20030911  |u 0,00  |v 1